000 00828nas a2200265 4500
001 BR0203020
003 BR-BrBNA
005 20231205103028.0
007 ta
008 230509b bl.|||p| |||| 00| 00por d
040 _aBR-BrBNA
_bpor
_cBiblioteca Nacional de Agricultura
041 _a(Pt)
072 _aE16
100 1 _aBarcellos, J.
245 1 _aO fosfato de rocha e o supertriplo na alimentação animal ocasionam muito mais riscos do que benfícios para a pecuária
650 _aGADO DE CORTE
650 _aFOSFATO DE ROCHA
650 _aNUTRIÇÃO ANIMAL
650 _aSAL
650 _aSUPLEMENTO ALIMENTAR
650 _aCUSTO-BENEFÍCIO
773 0 _tAgroanalysis (Brazil)
_xISSN 0100-4298
_g(Jun 2000), v. 20(6) p. 82-29
_wBR0203020
909 _a202311
_bLúcia
_c55
_dLúcia Elande
942 _2AGRIS
_n0
_cANA
999 _c170665
_d170665